000 00582nam a2200205 4500
001 118449
003 ES-MaACL
005 20240428063035.0
007 t|
008 070214s1960 sp r ||||1| spa d
100 0 _aPérez Almeda, Antonio,
_d1929-2014
_920108
245 1 0 _aArbol gótico /
_cAntonio Pérez Almeda.
260 _aGranada :
_b[s.n.],
_c1960 (
_fImp. Guevara)
300 _a13 p. ;
_c22 cm.
490 1 _aColección `Veleta al Sur`
830 0 _aVeleta al sur
_9181882
852 _aES-MaACL
_j2016-F-10
942 _2udc
999 _c118449
_d118449